00859 2200301 4500001002100000005001500021035002500036008004100061020002200102040001700124082001500141084001700156100002500173245006700198250001200265260003600277300004400313650002200357700002200379850001200401007000300413090002100416090002200437504003200459999002200491990002200513990002200535INLIS00000000001523420200615100736 a0010-101500000000968151023s2014 yoia ind d a978-602-262-356-4 aYOPDYOGbind04222a004.66 a004.66 MAD j0 aMade Santo Gitakarma aJaringan komputer. /cMade Santo Gitakarma, Ketut Udi Ariawan. aCet. 1. aYogyakarta :bGraha Ilmu,c2014 axiii, 149 halaman :biludtrasi ;c26 cm 4aJaringan komputer0 aKetut Udy Ariawan aYOPDYOGta aDEP 004.66 MAD j aCB-D.11 2014-1866 aBibliografi : halaman [151] aCB-D.11/2014-1866 aCB-D.11/2014-1866 aCB-D.11/2014-1866